Kate Bush - Army Dreamers Lyrics - Statistics

General Stats
  • This quiz has been taken 249 times
  • The average score is 196 of 261
Answer Stats
Hint Answer % Correct
a
99%
Army
98%
army
98%
dreamers
98%
He
97%
he
97%
Chorus (What
95%
What
95%
what
95%
to
92%
To
92%
But
90%
have
88%
little
88%
never
88%
the
88%
The
88%
waste
88%
guitar
87%
money
87%
Oh
87%
been
86%
could
86%
do
85%
for
85%
his
85%
twenties
84%
didn't
83%
education
83%
home
83%
it
83%
rock
83%
father)
81%
star)
81%
had
80%
made
80%
of
80%
politician)
79%
proper
79%
even
78%
Should've
78%
boy
77%
in
77%
soldier
75%
my
74%
men
72%
carry
70%
coming
70%
from
69%
is
68%
Four
67%
uniform
67%
Intro | Outro BFPO
63%
hero
62%
Mammy's
62%
mammy's
62%
Verse 1 Our
61%
decorate
56%
flowers
55%
war
55%
colder
51%
purple
50%
bunch
48%
And
45%
and
45%
with
44%
all
43%
Jesus
43%
Verse 2 Tears
43%
Christ
42%
Morning
42%
No
40%
warmer
40%
win
40%
box
38%
couldn't
36%
wasn't
36%
aerodrome
35%
know
35%
tin
34%
weathers
33%
ego
32%
fox
32%
Give
32%
give
32%
chicken
31%
him
31%
Like
31%
ribbons
31%
as
30%
he's
30%
I've
30%
Now
30%
pick
27%
well
27%
your
27%
bows
26%
buttons
25%
might
23%
over
23%
sitting
23%
them
23%
hole
22%
kid
22%
pips
22%
stripes
21%
hard
10%
heroes
10%
No matching quizzes found
Score Distribution
Percent of People with Each Score
Percentile by Number Answered
Your Score History
You have not taken this quiz